00987nam a22002534aa4500003000800000005001700008008004100025040003000066041000800096044000700104082001900111100003200130245014800162260002500310300004200335500003600377502018000413650002600593653002000619653001800639653001900657653001900676700003800695BOFEUTO20260513103428.0260504t2025 bo gr 000 f spa d 6BOFEUTOaBOFEUTOcBOFEUTO aspa abo aTE6315bSa159a aSalas Calle, Oresteseautor aAnálisis de sostenibilidad financiero en el Centro de Investigación Minero Metalúrgico. /cOrestes Salas Calle, Verónica J. Sandy Tapia aOruro :bs/n,c2025. a153 hojas ;btab, gráf. ;c28.5 cm. aIncluye bibliografía, anexos. aTesis Dirigida, (Licenciatura) -- Universidad Técnica de Oruro, Facultad de Ciencias Económicas, Financieras y Administrativas, Carrera Administración de Empresas, 2025. aAnálisis Financiero aInvestigación aInstitución aCompetitividad aSostenibilidad aSandy Tapia, Verónica J.etutor